000
00326 a2200109 4500
001
ART_6446
005
20260410161826.0
008
260409a
245
1
0
_a
Gestión integral del humedal de bahía Samborombón
100
1
_a
Bertoni, Marcela
773
0
_t
FACES
_g
- Año 8, Nº 14 (may./ago. 2002)
_w
REV5046
999
_c
22757
_d
22757